Normal view
MARC view
- WRITING SKILLS IN ENGLISH.GUIDE TO WRITING.STUDENT'S GUIDE TO WRITING.SPELING, PUNCTUATION AND GRAMMAR
Entry Topical Term
001 - CONTROL NUMBER
- control field: 69040
003 - CONTROL NUMBER IDENTIFIER
- control field: NUST
005 - DATE AND TIME OF LATEST TRANSACTION
- control field: 20210628204148.0
008 - FIXED-LENGTH DATA ELEMENTS
- fixed length control field: 210628|| aca||aabn | a|a d
040 ## - CATALOGING SOURCE
- Original cataloging agency: NUST
- Transcribing agency: NUST
150 ## - HEADING--TOPICAL TERM
- Topical term or geographic name entry element: WRITING SKILLS IN ENGLISH.GUIDE TO WRITING.STUDENT'S GUIDE TO WRITING.SPELING, PUNCTUATION AND GRAMMAR
670 ## - SOURCE DATA FOUND
- Source citation: Work cat.: (NUST): Peck, John , Coyle, Martin 69039, The student's guide to writing , speling, punctuation and grammar, 2012
